000 00866cam a2200253 a 4500
999 _c2661
_d2661
001 4979311
003 GBCCL
005 20241126110435.0
008 980306s1998 cau b 001 0 eng
010 _a 98016372
020 _a0830718435 (hardcover)
040 _aDLC
_cDLC
_dDLC
050 0 0 _aBV4415
_b.J33 1998
082 0 0 _a248.843
_221
_bJAC
100 1 _aJacobs, Cindy,
_d1951-
_95599
245 1 0 _aWomen of destiny /
_cCindy Jacobs.
260 _aVentura, Calif. :
_bRegal,
_cc1998.
300 _a322 p. ;
_c23 cm.
504 _aIncludes bibliographical references (p. [311]-312) and indexes.
650 0 _aWomen in church work.
_93912
906 _a0
_bvip
_corignew
_d1
_eocip
_f19
_gy-gencatlg
942 _2ddc
_cBK
_05